000 00541nam a2200169Ia 4500
008 220214s9999 xx 000 0 und d
100 _aPerera M C Senake
245 0 _aStructure and dynamics of MG rubber studied by dynamic mechanical analysis and solid-state NMR
260 _bJournal of Polymer Science.Part.B.Polymer Physics
_c1999
300 _a1141-1153
650 _aDynamic mechanical analysis
650 _aGrafting
650 _aMG rubber
650 _aNuclear magnetic resonance
650 _aRelaxation times
942 _cRE
999 _c45520
_d45520